000 00381nam a22001337a 4500
020 _a8120316401
040 _cNUST
082 _a512
_bGRE
100 _aGregg, John
_9125744
245 _aOnes and Zeros:
_bUnderstanding Boolean Algebra, Digital Circuits, and the Logic of Sets
260 _aNew York:
_bIEEE Press,
_c2000.
650 _aBOOLEAN ALGEBRA
_9125745
942 _2ddc
_cBK
999 _c611443
_d611443